| 000 | 00888cam a2200253 a 4500 | ||
|---|---|---|---|
| 001 | 000013912 | ||
| 005 | 20240528134336.0 | ||
| 008 | 850409s1937 sp 000 0 spa | ||
| 035 | _a(DLC) 43035552 | ||
| 040 |
_aDO-SdBNP _bspa _cCarP _dDLC _dBNPHU |
||
| 082 |
_a340.54 _bJ82b |
||
| 100 | 1 |
_aJörs, Paul, _d1856-1925. _931529 |
|
| 245 | 1 | 0 |
_aDerecho privado romano / _cedición totalmente refundida por Wolfgang Kunkel ; traducción L. Prieto Castro. |
| 260 |
_aBarcelona : _bLabor, _c1937. |
||
| 300 |
_axii, 563 p. ; _c24 cm. |
||
| 500 | _aIncluye índice. | ||
| 504 | _aIncluye bibliografía. p. [545]-563. | ||
| 650 | 0 |
_aDerecho romano _91818 |
|
| 650 | 4 |
_aProcedimiento civil (derecho romano) _931530 |
|
| 700 | 1 |
_aKunkel, Wolfgang, _d1902- _eed. _931531 |
|
| 700 | 1 |
_aPrieto Castro, Leonardo, _etr. _931532 |
|
| 910 | _aCatalogación por copia / LC | ||
| 999 |
_a1 _n0000117 _c13517 _d13517 |
||
| 049 | _aBNGR | ||